| 000 | 01222nam a2200349 a 4500 | ||
|---|---|---|---|
| 999 |
_c7542 _d7542 |
||
| 001 | 991010551929706706 | ||
| 003 | OSt | ||
| 005 | 20211216112333.0 | ||
| 008 | 091022s2009 sp d |||||| 000 0 spa c | ||
| 017 | _aDL S. 1179-2009 | ||
| 020 | _a9788496082908 | ||
| 035 | _a(ES-BaCBU)b4255522x-34csuc_network | ||
| 035 | _a(ES-BaCBU).b4255522x | ||
| 035 | _a(ccuc001)b4255522x | ||
| 035 | _a(OCoLC)804331474 | ||
| 040 |
_aES-BaCBU _bcat _cCDMR |
||
| 080 | _a07 | ||
| 100 | 1 |
_aMateo, Rosario de _9104 |
|
| 245 | 1 | 0 |
_aGestión de empresas de comunicación / _cRosario de Mateo Pérez, Laura Bergés Saura, Marta Sabater Casals |
| 260 |
_aSevilla ; _aZamora : _bComunicación Social, _c2009 |
||
| 300 |
_a284 p. : _bgràf. ; _c24 cm |
||
| 504 | _aBibliografia | ||
| 650 | 7 |
_aMitjans de comunicació de massa _xDirecció i administració. _2lemac |
|
| 650 | 7 |
_aEmpreses periodístiques _xDirecció i administració. _2lemac |
|
| 700 | 1 | _aBergés Saura, Laura | |
| 700 | 1 | _aSabater Casals, Marta | |
| 830 | 0 |
_aPeriodística ; _v30 |
|
| 907 |
_a.b4255522x _b21-06-21 _c22-10-09 _d22-10-09 _em _fa _g- _hspa _isp _j0 _k1 |
||
| 908 |
_aUIC _aUVic-UCC _aUAB _aUJI _aUPF _aUOC _aUAO _aURL _aUdL _aUB |
||
| 940 | _aUAB | ||
| 942 |
_2udc _cMON |
||